AFL Theme Songs - Statistics

General Stats
  • This quiz has been taken 26 times
  • The average score is 12 of 18
Answer Stats
Team Song title % Correct
Carlton Blues We Are the Navy Blues
88%
Collingwood Magpies Good Old Collingwood Forever
82%
Essendon Bombers See the Bombers Fly Up
76%
Richmond Tigers We're From Tigerland
76%
St Kilda Saints When the Saints Go Marching In
76%
Melbourne Demons It's a Grand Old Flag
71%
Geelong Cats We Are Geelong
71%
Hawthorn Hawks We're a Happy Team at Hawthorn
71%
North Melbourne Kangaroos Join in the Chorus
65%
Western Bulldogs Sons of the West
65%
Brisbane Lions The Pride of Brisbane Town
65%
Port Adelaide Power Power to Win
59%
Adelaide Crows Pride of South Australia
59%
Sydney Swans Cheer, Cheer the Red and the White
53%
Gold Coast Suns Suns of the Gold Coast Sky
53%
West Coast Eagles We're the Eagles
53%
GWS Giants There's a Big Big Sound
47%
Fremantle Dockers Freo Way to Go
41%
No matching quizzes found
Score Distribution
Percent of People with Each Score
Percentile by Number Answered
Your Score History
You have not taken this quiz